书目信息 |
| 题名: |
房地产业与社会经济协调发展研究
|
|
| 作者: | 叶剑平 , 谢经荣 主编 | |
| 分册: | ||
| 出版信息: | 北京 中国人民大学出版社 2005 |
|
| 页数: | 347页 | |
| 开本: | 23cm | |
| 丛书名: | 房地产前沿丛书 | |
| 单 册: | ||
| 中图分类: | F299.233.3 | |
| 科图分类: | ||
| 主题词: | 房地产业 , 房地产业--经济发展--研究--中国 | |
| 电子资源: | ||
| ISBN: | 7-300-06842-1 | |
| 000 | 01100nam0 2200301 450 | |
| 000 | 01128nam0 2200301 450 | |
| 000 | 01055nam0 2200277 450 | |
| 000 | 01019oam2 2200265 45 | |
| 005 | 20070725150932.62 | |
| 010 | @a7-300-06842-1@dCNY39.00 | |
| 100 | @a20070714d2005 em y0chiy0120 ea | |
| 101 | 0 | @achi |
| 102 | @aCN@b110000 | |
| 105 | @ay z 000yy | |
| 200 | 1 | @a房地产业与社会经济协调发展研究@AFang Di Chan Ye Yu She Hui Jing Ji Xie Diao Fa Zhan Yan Jiu@f叶剑平,谢经荣主编@FYe Jian Ping, Xie Jing Rong Zhu Bian |
| 210 | @a北京@c中国人民大学出版社@d2005 | |
| 215 | @a347页@d23cm | |
| 225 | 2 | @a房地产前沿丛书 |
| 300 | @a国家自然科学基金重点项目 | |
| 330 | @a本书运用定量分析与定性研究、理论分析与实证研究、比较与借鉴相结合的方法,系统研究了房地产业与国民经济的互动关系。 | |
| 410 | 0 | @12001 @a房地产前沿丛书 |
| 606 | 0 | @a房地产业 |
| 606 | 0 | @a房地产业@x经济发展@x研究@y中国 |
| 690 | @aF299.233.3@v4 | |
| 701 | 0 | @a叶剑平@AYe Jian Ping@f(1961.7~)@4主编 |
| 701 | 0 | @a谢经荣@AXie Jing Rong@f(1962~)@4主编 |
| 801 | 0 | @aCN@bTAOJIN@c20070725 |
| 905 | @a10447@dF299.233.3@e663 | |
| 房地产业与社会经济协调发展研究/叶剑平,谢经荣主编.-北京:中国人民大学出版社,2005 |
| 347页;23cm.-(房地产前沿丛书) |
| 国家自然科学基金重点项目 |
| ISBN 7-300-06842-1:CNY39.00 |
| 本书运用定量分析与定性研究、理论分析与实证研究、比较与借鉴相结合的方法,系统研究了房地产业与国民经济的互动关系。 |
| ● |
| 相关链接 |
|
|
|
|
正题名:房地产业与社会经济协调发展研究
索取号:F299.233.3/663
 
预约/预借
| 序号 | 登录号 | 条形码 | 馆藏地/架位号 | 状态 | 备注 |
| 1 | 0825805 | 208258053 | 第一样本阅览室/ [索取号:F299.233.3/663] | 在馆 | |
| 2 | 0825806 | 208258062 | 第一借阅区/ [索取号:F299.233.3/663] | 在馆 | |
| 3 | 0825807 | 208258071 | 第一借阅区/ [索取号:F299.233.3/663] | 在馆 | |
| 4 | 0825808 | 208258080 | 密集书库/ [索取号:F299.233.3/663] | 在馆 | |
| 5 | 0825809 | 208258099 | 第一借阅区/ [索取号:F299.233.3/663] | 在馆 | |
| 6 | 0825810 | 208258106 | 密集书库/ [索取号:F299.233.3/663] | 在馆 | |
| 7 | 0825811 | 208258115 | 第一借阅区/ [索取号:F299.233.3/663] | 在馆 |